Detalles MARC
| 000 -LEADER |
| fixed length control field |
01409nam a22003617a 4500 |
| 001 - CONTROL NUMBER |
| control field |
0000385 |
| 003 - CONTROL NUMBER IDENTIFIER |
| control field |
DO-SdBNP |
| 005 - DATE AND TIME OF LATEST TRANSACTION |
| control field |
20171128141325.0 |
| 007 - PHYSICAL DESCRIPTION FIXED FIELD--GENERAL INFORMATION |
| fixed length control field |
0000385 |
| 008 - FIXED-LENGTH DATA ELEMENTS--GENERAL INFORMATION |
| fixed length control field |
150817s 2012 ac spa d |
| 020 ## - INTERNATIONAL STANDARD BOOK NUMBER |
| International Standard Book Number |
9789945120684 |
| 040 ## - CATALOGING SOURCE |
| Original cataloging agency |
BPMSU |
| Language of cataloging |
spa |
| Transcribing agency |
BPMSU |
| 082 ## - DEWEY DECIMAL CLASSIFICATION NUMBER |
| Classification number |
373.832 |
| Item number |
S594c 2do. 2012 |
| 100 1# - MAIN ENTRY--PERSONAL NAME |
| Personal name |
Simón Consuegra, José Miguel |
| 245 10 - TITLE STATEMENT |
| Title |
Cívica 3 ; formación en valores y civismo : |
| Remainder of title |
nivel medio / |
| Statement of responsibility, etc. |
José Miguel Simón Consuegra, Margarita Hernández Tejada ; ilustración Julio Cesar Martínez |
| 260 ## - PUBLICATION, DISTRIBUTION, ETC. (IMPRINT) |
| Place of publication, distribution, etc. |
Santo Domingo : |
| Name of publisher, distributor, etc. |
Secretaria de Estado de Educación, |
| -- |
Susaeta, |
| Date of publication, distribution, etc. |
2012. |
| 300 ## - PHYSICAL DESCRIPTION |
| Extent |
168 p : |
| Other physical details |
il. retrs. |
| Dimensions |
28 cm. |
| 500 ## - GENERAL NOTE |
| General note |
Prohibida su venta. Propiedad de la Secretaría de Estado de Educación. |
| 500 ## - GENERAL NOTE |
| General note |
Formación en valores y civismo. |
| 504 ## - BIBLIOGRAPHY, ETC. NOTE |
| Bibliography, etc |
Bibliografía p: 167-168 |
| 650 #4 - SUBJECT ADDED ENTRY--TOPICAL TERM |
| Topical term or geographic name as entry element |
EDUCACIÓN CÍVICA |
| General subdivision |
ENSEÑANZA SECUNDARIA |
| 650 #4 - SUBJECT ADDED ENTRY--TOPICAL TERM |
| Topical term or geographic name as entry element |
EDUCACIÓN SECUNDARIA |
| Geographic subdivision |
REPÚBLICA DOMINICANA |
| 650 #4 - SUBJECT ADDED ENTRY--TOPICAL TERM |
| Topical term or geographic name as entry element |
EDUCACIÓN ÍVICA |
| General subdivision |
LIBROS DE TEXTOS |
| 650 #4 - SUBJECT ADDED ENTRY--TOPICAL TERM |
| Topical term or geographic name as entry element |
CÍVICA |
| General subdivision |
ESTUDIOS Y EJERCICIOS |
| 650 #4 - SUBJECT ADDED ENTRY--TOPICAL TERM |
| Topical term or geographic name as entry element |
EDUCACIÓN CÍVICA |
| General subdivision |
EDUCACIÓN SECUNDARIA |
| 700 1# - ADDED ENTRY--PERSONAL NAME |
| Personal name |
Hernández Tejada, Margarita |
| 700 1# - ADDED ENTRY--PERSONAL NAME |
| Personal name |
Martínez, Julio César |
| Relator term |
il. |
| 700 1# - ADDED ENTRY--PERSONAL NAME |
| Personal name |
Sandoval, Ramón |
| Relator term |
il. |
| 910 ## - USER-OPTION DATA (OCLC) |
| User-option data |
Validado. Control de calidad MFF |
| 942 ## - ADDED ENTRY ELEMENTS (KOHA) |
| Source of classification or shelving scheme |
Dewey Decimal Classification |
| Koha item type |
Libros |
| 945 ## - LOCAL PROCESSING INFORMATION (OCLC) |
| a |
Inventariado extranjero / 2017 YL |
| 956 ## - LOCAL ELECTRONIC LOCATION AND ACCESS (OCLC) |
| Host name |
YLOCKWARD |
| Access number |
10 |
| Compression information |
20171128 |
| Path |
00144 |